00437nam a2200157Ia 4500003000400000008004100004040001600045082001500061100001900076245008400095260003200179300001000211650001300221650002100234650002400255GCL140319s9999 xx 000 0 eng d aGCL / cGCL04a843.7bP S1 aPEARSON, ROGER10aSTENDHAL THE RED AND THE BLACK AND THE CHARTERHOUSE OF PARMA / cPEARSON, ROGER a[S.N] : bLONGMAN ، c1994 a267 P04aSTENDHAL04aROUGE ET LE NOIR04aCHARTREUSE DE PARME